| 000 | 01856nam a2200301 a 4500 | ||
|---|---|---|---|
| 003 | DO-SdBNP | ||
| 005 | 20240402134029.0 | ||
| 007 | ta | ||
| 008 | 220421e2017 dr ||||frgl|| 001 0 spa d | ||
| 020 | _a9789945606256 | ||
| 040 |
_aDO-SdBNP _bspa _cBNPHU |
||
| 082 | 4 |
_a346.7293 _bR426c, 2017 _222 |
|
| 110 | 1 |
_aRepública Dominicana. _9447 |
|
| 240 | 1 | 0 | _a[Código civil.] |
| 245 | 1 | 0 |
_aCódigo civil de la República Dominicana : _b(basada en la tercera edición oficial actualizada por la comisión nombrada mediante decreto 826-1983; revisado con la segunda edición oficial arreglada por la comisión nombrada conforme al Decreto 2213-1884 y con la edición impresa por la SCJ) / _c[compilado] ;Juan Pablo Acosta, Trajano Vidal Potentini ; editor Héctor Guzmán R. |
| 250 | _a12a. ed. | ||
| 260 |
_aSanto Domingo : _bDalis, _c2017 |
||
| 300 |
_a526 p. ; _c14 cm. |
||
| 500 | _aModificado de forma explícita por cerca de 30 Leyes y algunos Códigos. Modificado de forma Implícita por las Leyes 64-1924, 659-44, 4999-58 y 855-78. Actualizado y Adecuado conforme la Constitución Vigente, las Leyes 630-16, 590-16, 139-13, 247-12, el Dec. 56-10 y sus modificaciones las Leyes 1022-35, 1337-47, 4381-56, 1022-35 y reafirmado por la Constitución de 1955 y las demás Constituciones. Hasta la fecha. Revisado con la Constitución de 1874, varios Códigos. Docs. 89-31_4807-59, 5137-59, 5406-59, 7312-61; y mas de 45 Leyes. Y Legislaciones complementarias. | ||
| 590 | _aInventariado, 2022/MFF | ||
| 650 | 4 |
_aDerecho civil _xLegislación _zRepública Dominicana _93032 |
|
| 650 | 4 |
_aDerecho civil _zRepública Dominicana _91058 |
|
| 700 | 1 |
_911716 _aAcosta, Juan Pablo |
|
| 700 | 1 |
_aPotentini Adames, Trajano Vidal _973577 |
|
| 700 | 1 |
_aGuzmán R., Héctor _eed. _981484 |
|
| 910 | _aMFéliz/Validado. Control de calidad MFF | ||
| 942 |
_2ddc _cLBS1 |
||
| 999 |
_c51559 _d51559 |
||